Elenca la formazione - Finale UEFA Champions League 1998-1999 - Statistics

Statistiche generali
  • Questo quiz è stato fatto 32 volte
  • Il punteggio medio è 9 su 22
Statistiche sulle risposte
Ruolo Nazione Calciatore % Corretto
Portiere Danimarca Peter Schmeichel
100%
Centrocampista Galles Ryan Giggs
93%
Portiere Germania Oliver Kahn
89%
Centrocampista Inghilterra David Beckham
70%
Attaccante Inghilterra Andy Cole
67%
Attaccante Trinidad e Tobago Dwight Yorke
67%
Difensore Inghilterra Gary Neville
67%
Difensore Paesi Bassi Jaap Stam
63%
Difensore Ghana Samuel Kuffour
37%
Centrocampista Germania Stefan Effenberg
37%
Difensore Irlanda Denis Irwin
33%
Difensore Germania Lothar Matthäus
33%
Centrocampista Inghilterra Nicky Butt
30%
Attaccante Germania Carsten Jancker
26%
Centrocampista Germania Jens Jeremies
19%
Centrocampista Svezia Jesper Blomqvist
19%
Centrocampista Germania Mario Basler
19%
Difensore Germania Markus Babbel
19%
Difensore Norvegia Ronny Johnsen
19%
Difensore Germania Thomas Linke
19%
Centrocampista Germania Alexander Zickler
15%
Difensore Germania Michael Tarnat
11%
Nessun quiz corrispondente trovato
Distribuzione punteggi
Percentuale di utenti per punteggio
Percentile per numero di risposta
I tuoi punteggi nel tempo
Non hai fatto questo quiz